000 00571nam a2200193Ia 4500
003 GCL
008 140319s9999 xx 000 0 ara d
040 _aGCL /
_cGCL
082 0 4 _a894.35
_bا ا
100 1 _aاوز, ايردال
245 1 0 _aانت جريح: رواية (هدية من الاديب عبدالفتاح الجمل) /
_cاوز, ايردال
700 1 _aفاضل جتكر
300 _a368 ص
490 _a
650 0 4 _aالقصص التاريخية
650 0 4 _aالادب التركى
650 0 4 _aالقصص التركى
942 _2ddc
_cBK
999 _c38120
_d38120